000 00673nam a2200205Ia 4500
003 OSt
005 20240401100427.0
008 210210b1988 xxu||||| |||| 00| 0 eng d
040 _cAL
041 _aKannada
082 _aK894.9 NILD
100 _aNILATTAHALLI KASTURI.
_9109742
_dನೀಲತ್ತಹಳ್ಳಿ ಕಸ್ತೂರಿ
245 _aD V Gundappa:jivana mattu sadhane.
_bಡಿ ವಿ ಗುಂಡಪ್ಪ : ಜೀವನ ಮತ್ತು ಸಾಧನೆ
260 _aNavadehali
_bNyashanal Buk Trast
_c1988
300 _a122
650 _aDi Vi Ji Gundappa Di Vi
_9109743
690 _aKannada Criticism
_9109744
906 _a041991
942 _2ddc
_cBK
999 _c91986
_d91986